Kraje,ktore były cześćią Austro-Węgier - Statystyki

Ogólne statystyki
  • Ten quiz został rozwiązany 30 razy
  • Średni wynik to 13 z 13
Statystyki odpowiedzi
Państwa % Poprawnych
Austria
100%
Chorwacja
100%
Czechy
100%
Polska
100%
Rumunia
100%
Serbia
100%
Słowacja
100%
Słowenia
100%
Węgry
100%
Czarnogóra
96%
Bośnia i Hercegowina
92%
Ukraina
88%
Włochy
83%
Nie znaleziono quizów pasujących do podanych kryteriów
Rozkład punktacji
Procent ludzi z każdym wynikiem
Percentyl według liczby udzielonych odpowiedzi
Twoja historia wyników
Nie rozwiązałeś tego quizu